[Event "e2e4.org.uk Bedford U2000"]
[Site "Park Inn Hotel, Bedford, Engla"]
[Date "2013.09.20"]
[Round "1"]
[White "Bennett, Dominic L"]
[Black "Botteley, Michael T"]
[Result "0-1"]
[WhiteElo "1988"]
[BlackElo "1867"]
[PlyCount "64"]
[EventDate "2013.??.??"]

1. d4 Nf6 2. Nf3 g6 3. c4 Bg7 4. g3 d6 5. Bg2 O-O 6. O-O Nbd7 7. Nc3 c6 8. b3
Re8 9. Qc2 a6 10. a4 e5 11. Bb2 e4 12. Ng5 d5 13. f3 Bh6 14. Bc1 e3 15. Nh3 Nf8
16. cxd5 cxd5 17. Qb2 Ne6 18. Rd1 Bd7 19. f4 Ng7 20. Ng5 Bc6 21. Nf3 Nf5 22. b4
Ng4 23. b5 axb5 24. axb5 Rxa1 25. Qxa1 Bd7 26. Qa7 Bc8 27. Qc5 Be6 28. Na4 Qa5
29. Nb6 Bf8 30. Qc7 Qxb5 31. Nxd5 Bxd5 32. Ne5 Qxe2 0-1

[Event "e2e4.org.uk Bedford U2000"]
[Site "Park Inn Hotel, Bedford, Engla"]
[Date "2013.09.20"]
[Round "1"]
[White "Panzhina, Jekaterina"]
[Black "Wood, Peter R"]
[Result "1/2-1/2"]
[WhiteElo "1866"]
[BlackElo "1982"]
[PlyCount "78"]
[EventDate "2013.??.??"]

1. d4 e6 2. c4 f5 3. Nc3 Nf6 4. Nf3 Be7 5. e3 d6 6. Bd3 O-O 7. O-O Qe8 8. Re1
Nc6 9. e4 fxe4 10. Nxe4 Nxe4 11. Bxe4 Qh5 12. d5 Ne5 13. Nxe5 Qxd1 14. Rxd1
dxe5 15. Be3 exd5 16. Bxd5+ Kh8 17. h3 c6 18. Be4 Be6 19. b3 a5 20. a4 Rfc8 21.
Rd3 Kg8 22. Rad1 g6 23. g4 Kf7 24. Kg2 Ke8 25. Bd2 Bb4 26. Bg5 Be7 27. Bd2 Rd8
28. Bc3 Rxd3 29. Rxd3 Bb4 30. Bxe5 Ke7 31. f4 Rf8 32. Rd1 Bc8 33. Rd3 Bd7 34.
Kf3 b5 35. axb5 cxb5 36. Bd5 bxc4 37. Bxc4 a4 38. bxa4 Bxa4 39. Bb3 Bc6+
1/2-1/2

[Event "e2e4.org.uk Bedford U2000"]
[Site "Park Inn Hotel, Bedford, Engla"]
[Date "2013.09.20"]
[Round "1"]
[White "Brocklehurst, Andrew"]
[Black "Jackson, Gary C"]
[Result "1-0"]
[WhiteElo "1960"]
[BlackElo "1864"]
[PlyCount "49"]
[EventDate "2013.??.??"]

1. e4 c5 2. Nf3 d6 3. d4 cxd4 4. Nxd4 Nf6 5. Nc3 g6 6. Be2 Bg7 7. Be3 Nc6 8. h3
Bd7 9. Qd2 Rc8 10. O-O Ne5 11. f4 Nc4 12. Bxc4 Rxc4 13. e5 dxe5 14. fxe5 Nh5
15. Qf2 O-O 16. Nf3 f5 17. Rfd1 Qc8 18. Bxa7 Bc6 19. Rd2 Bxf3 20. Qxf3 Bxe5 21.
Qd5+ e6 22. Qxe5 Ng7 23. Rad1 Rc7 24. Bb6 Rc6 25. Rd8 1-0

[Event "e2e4.org.uk Bedford U2000"]
[Site "Park Inn Hotel, Bedford, Engla"]
[Date "2013.09.20"]
[Round "1"]
[White "Gardner, James"]
[Black "Valentine, Brian J"]
[Result "1/2-1/2"]
[WhiteElo "1856"]
[BlackElo "1941"]
[PlyCount "76"]
[EventDate "2013.??.??"]

1. d4 Nf6 2. c4 e6 3. Nc3 Bb4 4. Qc2 O-O 5. a3 Bxc3+ 6. Qxc3 d6 7. Bg5 Nbd7 8.
e3 c5 9. Nf3 b6 10. Rd1 Bb7 11. dxc5 dxc5 12. Bd3 h6 13. Bf4 Qc8 14. Ne5 Rd8
15. Nxd7 Nxd7 16. O-O Re8 17. e4 e5 18. Be3 Nf8 19. f4 exf4 20. Rxf4 Ng6 21.
Rf3 Qe6 22. Rdf1 Re7 23. Bf2 Ne5 24. Rg3 f6 25. Be2 Rd8 26. b3 Bxe4 27. h3 Bb7
28. Re1 Qc6 29. Kh1 Red7 30. Be3 Kh8 31. Bf4 Rd4 32. Bxe5 fxe5 33. Bf3 Qc7 34.
Bxb7 Qxb7 35. Rxe5 Qf7 36. Rf3 Qg6 37. Ref5 Qd6 38. Rf1 Rd1 1/2-1/2

[Event "e2e4.org.uk Bedford U2000"]
[Site "Park Inn Hotel, Bedford, Engla"]
[Date "2013.09.20"]
[Round "1"]
[White "Touchefeu, Aurelien"]
[Black "Burrows, Nick"]
[Result "1-0"]
[WhiteElo "1940"]
[BlackElo "1849"]
[PlyCount "61"]
[EventDate "2013.??.??"]

1. d4 d5 2. c4 c6 3. Nf3 Nf6 4. Nc3 dxc4 5. a4 Bf5 6. Nh4 e6 7. Nxf5 exf5 8. e3
Nbd7 9. Bxc4 Nb6 10. Bd3 Qd7 11. a5 Nbd5 12. Nxd5 Qxd5 13. O-O Bd6 14. f3 g6
15. Bd2 O-O 16. Qe2 Bc7 17. Bb4 Rfe8 18. Bc4 Qd7 19. Qf2 Rad8 20. Rad1 Nd5 21.
Bd2 Qd6 22. g3 Rd7 23. Rfe1 Rde7 24. Re2 Nb4 25. e4 Bxa5 26. Bg5 Rd7 27. e5
Rxe5 28. Rxe5 Qxe5 29. dxe5 Rxd1+ 30. Kg2 Kg7 31. Qc5 1-0

[Event "e2e4.org.uk Bedford U2000"]
[Site "Park Inn Hotel, Bedford, Engla"]
[Date "2013.09.20"]
[Round "1"]
[White "Valerio, Giuseppe"]
[Black "Kennedy, Craig"]
[Result "1-0"]
[WhiteElo "1848"]
[BlackElo "1922"]
[PlyCount "67"]
[EventDate "2013.??.??"]

1. e4 e6 2. d3 d5 3. Nd2 c5 4. Ngf3 Nc6 5. g3 g6 6. Bg2 Bg7 7. O-O Nge7 8. Re1
b6 9. Rb1 a5 10. a3 Ba6 11. Nf1 Ra7 12. Bg5 d4 13. h4 h6 14. Bf4 c4 15. N1h2 e5
16. Bc1 Qd7 17. Bf1 cxd3 18. Bxd3 Bxd3 19. cxd3 b5 20. a4 Nb4 21. b3 Rc7 22.
Re2 O-O 23. Ba3 Rfc8 24. Bxb4 axb4 25. Ne1 Rc3 26. Nf1 Ra8 27. axb5 Qxb5 28.
Nd2 Nc6 29. Nc4 h5 30. Reb2 Bh6 31. Qf3 Kg7 32. Nd6 Qb8 33. Qxf7+ Kh8 34. Qxg6
1-0

[Event "e2e4.org.uk Bedford U2000"]
[Site "Park Inn Hotel, Bedford, Engla"]
[Date "2013.09.20"]
[Round "1"]
[White "Lawson, Maurice E"]
[Black "Nandi, Robin J"]
[Result "1-0"]
[WhiteElo "1922"]
[BlackElo "1832"]
[PlyCount "47"]
[EventDate "2013.??.??"]

1. e4 e5 2. Nf3 Nc6 3. Bc4 Bc5 4. c3 Nf6 5. d3 d6 6. Bb3 O-O 7. Bg5 h6 8. Bh4
Qe7 9. h3 Be6 10. Bc2 d5 11. Nbd2 Rad8 12. Qe2 Rfe8 13. g4 Bc8 14. O-O-O Qd6
15. exd5 Qxd5 16. Bxf6 gxf6 17. Ne4 Be7 18. Bb3 Qa5 19. Nh4 Be6 20. Nf5 Bxb3
21. axb3 Qb5 22. Qe3 Na5 23. Qxh6 Nxb3+ 24. Kb1 1-0

[Event "e2e4.org.uk Bedford U2000"]
[Site "Park Inn Hotel, Bedford, Engla"]
[Date "2013.09.20"]
[Round "1"]
[White "Waters, Andrew C"]
[Black "Openshaw, David K"]
[Result "0-1"]
[WhiteElo "1822"]
[BlackElo "1918"]
[PlyCount "68"]
[EventDate "2013.??.??"]

1. e4 e6 2. d4 d5 3. exd5 exd5 4. Nf3 Nf6 5. Bd3 Bg4 6. O-O Nc6 7. c3 Be7 8.
Bg5 Qd6 9. Nbd2 O-O-O 10. b4 Nh5 11. Bxe7 Nxe7 12. Qa4 Kb8 13. Ne5 Be6 14. b5
f6 15. Nef3 Nf4 16. Qc2 Nxd3 17. Qxd3 Bf5 18. Qe2 Ng6 19. a4 h5 20. Rfe1 Rd7
21. Qf1 Nf4 22. Re3 Re7 23. Nh4 Bh7 24. Rae1 Rhe8 25. Nb3 g5 26. Nf3 g4 27.
Nfd2 Bd3 28. Rxe7 Rxe7 29. Rxe7 Qxe7 30. Qa1 Ne2+ 31. Kh1 Nxc3 32. Nc5 Bf5 33.
Ndb3 Qe2 34. Kg1 Nd1 0-1

[Event "e2e4.org.uk Bedford U2000"]
[Site "Park Inn Hotel, Bedford, Engla"]
[Date "2013.09.20"]
[Round "1"]
[White "Smith, Richard W"]
[Black "Connolly, Marcus PA"]
[Result "1-0"]
[WhiteElo "1912"]
[BlackElo "1800"]
[PlyCount "51"]
[EventDate "2013.??.??"]

1. d4 f5 2. h3 Nf6 3. g4 d5 4. Nf3 fxg4 5. hxg4 Bxg4 6. Ne5 Bf5 7. Bh3 Qc8 8.
Qd3 Bxd3 9. Bxc8 Ba6 10. Nc3 c6 11. Be6 Nbd7 12. Ng6 hxg6 13. Rxh8 O-O-O 14.
Bf4 b5 15. e3 Kb7 16. a3 Kb6 17. O-O-O Bb7 18. Rg1 a5 19. Rxg6 Ra8 20. Bxd7
Nxd7 21. Nxd5+ Ka7 22. Nxe7 Bxe7 23. Rxa8+ Kxa8 24. Rxg7 Nf6 25. Rxe7 Nd5 26.
Rf7 1-0

[Event "e2e4.org.uk Bedford U2000"]
[Site "Park Inn Hotel, Bedford, Engla"]
[Date "2013.09.20"]
[Round "1"]
[White "Wilson, Matthew R"]
[Black "Ai, Farshad"]
[Result "0-1"]
[WhiteElo "1800"]
[BlackElo "1908"]
[PlyCount "101"]
[EventDate "2013.??.??"]

1. Nf3 d5 2. g3 c6 3. Bg2 Bg4 4. Ne5 Bf5 5. d4 Nf6 6. c4 e6 7. Qb3 Qb6 8. c5
Qc7 9. O-O Be7 10. Bf4 Qc8 11. Nd2 O-O 12. h3 h6 13. g4 Bh7 14. Qe3 a5 15. a3
Na6 16. Kh1 Nd7 17. Ndf3 a4 18. g5 Nxe5 19. Bxe5 hxg5 20. Rg1 f6 21. Bg3 Kf7
22. h4 gxh4 23. Bxh4 g5 24. Bh3 Be4 25. Bg3 Rh8 26. Kg2 f5 27. Be5 Rh5 28. Rh1
Qg8 29. Bxf5 Rxh1 30. Rxh1 exf5 31. Rh8 Qxh8 32. Bxh8 Rxh8 33. Kg1 Bf6 34. Nh2
Nc7 35. Qg3 Ne6 36. e3 f4 37. Qg4 fxe3 38. fxe3 Rh4 39. Qg3 Bf5 40. Qb8 Nd8 41.
Nf3 Rg4+ 42. Kf2 Kg6 43. Ne5+ Bxe5 44. Qxe5 Be6 45. Qd6 Re4 46. Qg3 g4 47. Ke2
Kf6 48. Kf2 Ke7 49. Qh4+ Kd7 50. Qf6 Nf7 51. Qg6 0-1

[Event "e2e4.org.uk Bedford U2000"]
[Site "Park Inn Hotel, Bedford, Engla"]
[Date "2013.09.20"]
[Round "1"]
[White "Shaw, Meyrick"]
[Black "O Gorman, Brendan"]
[Result "0-1"]
[WhiteElo "1906"]
[BlackElo "1798"]
[PlyCount "66"]
[EventDate "2013.??.??"]

1. g3 d5 2. Bg2 Nf6 3. Nf3 g6 4. O-O Bg7 5. d4 O-O 6. c3 Nbd7 7. Nbd2 c5 8. b3
b6 9. a4 Bb7 10. Bb2 Rc8 11. Qb1 cxd4 12. cxd4 a5 13. Ba3 Ne4 14. Nxe4 dxe4 15.
Ng5 Bxd4 16. Bb2 Bxb2 17. Qxb2 Nf6 18. Rfd1 Qc7 19. Rac1 Rfd8 20. Re1 Qd6 21.
h4 h6 22. Nh3 Ng4 23. e3 Ne5 24. Rxc8 Bxc8 25. Rb1 Nf3+ 26. Bxf3 exf3 27. Kh2
Qb4 28. Qe5 Bf5 29. Rb2 Bxh3 30. Kxh3 h5 31. Qc7 Qg4+ 32. Kh2 Rd1 33. Qb8+ Kh7
0-1

[Event "e2e4.org.uk Bedford U2000"]
[Site "Park Inn Hotel, Bedford, Engla"]
[Date "2013.09.20"]
[Round "1"]
[White "Mitchell, Robert"]
[Black "Jacob, Sydney J"]
[Result "1/2-1/2"]
[WhiteElo "1784"]
[BlackElo "1904"]
[PlyCount "126"]
[EventDate "2013.??.??"]

1. e4 e6 2. d3 c5 3. Nf3 d5 4. Qe2 Nf6 5. g3 Be7 6. Bg2 O-O 7. O-O Nc6 8. e5
Nd7 9. c4 f6 10. exf6 Nxf6 11. Re1 Bd7 12. Bh3 e5 13. Bxd7 Qxd7 14. Nxe5 Nxe5
15. Qxe5 Rae8 16. Qe6+ Qxe6 17. Rxe6 Ng4 18. Re2 Bf6 19. Rxe8 Rxe8 20. Nc3 Bd4
21. Be3 Bxe3 22. fxe3 dxc4 23. dxc4 Rxe3 24. Rd1 Ne5 25. Rd8+ Kf7 26. Rb8 Nxc4
27. Rxb7+ Kg6 28. Nd5 Re1+ 29. Kf2 Rd1 30. Nf4+ Kh6 31. b3 Ne5 32. Rxa7 Ng4+
33. Ke2 Rh1 34. h3 Rh2+ 35. Kf3 Nf6 36. Ra5 g5 37. Ne6 Rxh3 38. Rxc5 g4+ 39.
Kf4 Kg6 40. Rg5+ Kf7 41. Re5 h6 42. Nc5 Rh2 43. Rf5 Kg6 44. Nd3 Rd2 45. Ne5+
Kg7 46. Ke3 Rxa2 47. Rf2 Ra5 48. Nc6 Rc5 49. Nd4 Re5+ 50. Kd3 Kg6 51. b4 Nd5
52. Nc2 Nb6 53. Ne3 h5 54. Nc4 Nxc4 55. Kxc4 Re3 56. Rg2 Kg5 57. b5 h4 58.
gxh4+ Kxh4 59. b6 Kh3 60. Rg1 Re8 61. Kd5 g3 62. b7 Kh2 63. Rxg3 Kxg3 1/2-1/2

[Event "e2e4.org.uk Bedford U2000"]
[Site "Park Inn Hotel, Bedford, Engla"]
[Date "2013.09.20"]
[Round "1"]
[White "Potter, Karl H"]
[Black "Rawcliffe, Peter"]
[Result "1-0"]
[WhiteElo "1900"]
[BlackElo "1776"]
[PlyCount "115"]
[EventDate "2013.??.??"]

1. e4 c5 2. Nf3 Nc6 3. d4 cxd4 4. Nxd4 Nf6 5. Nc3 e5 6. Ndb5 d6 7. Nd5 Nxd5 8.
exd5 Nb8 9. c4 a6 10. Nc3 Be7 11. Bd3 O-O 12. O-O f5 13. f4 e4 14. Be2 Nd7 15.
Be3 Bf6 16. Qd2 Nb6 17. Rac1 Bd7 18. b3 Rc8 19. Rfd1 Be8 20. Kh1 Nd7 21. Na4
Nc5 22. Nxc5 dxc5 23. g4 fxg4 24. Bxg4 Bd7 25. Rg1 b6 26. Qg2 Bxg4 27. Qxg4 Rf7
28. Qe6 Qd7 29. Qxb6 Bb2 30. Rcd1 Rf6 31. Qa5 Rh6 32. Qd2 Bf6 33. Qf2 Bh4 34.
Qg2 Re8 35. Qg4 Qxg4 36. Rxg4 Be7 37. Rdg1 Bf6 38. Bxc5 e3 39. Re1 e2 40. Rg2
Rh4 41. Rgxe2 Rxe2 42. Rxe2 Rxf4 43. Re8+ Kf7 44. Rf8+ Kg6 45. Kg2 Re4 46. Kf3
Kf5 47. Bd6 Rd4 48. Ra8 Bg5 49. Rxa6 Rd3+ 50. Ke2 Rd2+ 51. Ke1 Ke4 52. Bg3 Kf3
53. Ra7 Re2+ 54. Kf1 Bf6 55. b4 Rc2 56. Ra3+ Ke4 57. b5 Rxc4 58. b6 1-0

[Event "e2e4.org.uk Bedford U2000"]
[Site "Park Inn Hotel, Bedford, Engla"]
[Date "2013.09.20"]
[Round "1"]
[White "Keen, Cosima C"]
[Black "Van Der Westhuizen, Charle"]
[Result "1-0"]
[WhiteElo "1744"]
[BlackElo "1897"]
[PlyCount "59"]
[EventDate "2013.??.??"]

1. d4 d5 2. Nf3 Nf6 3. Bf4 g6 4. e3 Bg7 5. Be2 Nh5 6. Bg5 O-O 7. c4 c6 8. Nc3
Nf6 9. O-O Nbd7 10. Qb3 Qb6 11. c5 Qxb3 12. axb3 h6 13. Bh4 g5 14. Bg3 Ne4 15.
b4 Nxg3 16. hxg3 e5 17. b5 e4 18. Nd2 f5 19. bxc6 bxc6 20. b4 Nf6 21. b5 Bd7
22. bxc6 Bxc6 23. Bb5 Rfc8 24. Ra6 Bb7 25. Rd6 Rd8 26. Rxd8+ Rxd8 27. c6 Bxc6
28. Bxc6 Rc8 29. Nxd5 Nxd5 30. Bxd5+ 1-0

[Event "e2e4.org.uk Bedford U2000"]
[Site "Park Inn Hotel, Bedford, Engla"]
[Date "2013.09.20"]
[Round "1"]
[White "Sagues, Vincent"]
[Black "Watson, Darrell A"]
[Result "1-0"]
[WhiteElo "1893"]
[BlackElo "1725"]
[PlyCount "71"]
[EventDate "2013.??.??"]

1. e4 c5 2. Nf3 d6 3. d4 cxd4 4. Nxd4 Nf6 5. f3 e5 6. Nb3 a6 7. c4 Be7 8. Be3
O-O 9. Nc3 Be6 10. Be2 Nbd7 11. O-O Rc8 12. Nd2 Ne8 13. Rc1 f5 14. exf5 Rxf5
15. Bd3 Rf8 16. Be4 Nc5 17. Bd5 Nf6 18. Bxe6+ Nxe6 19. Qb3 Kh8 20. Qxb7 Rb8 21.
Qxa6 Rxb2 22. Nb3 Qa8 23. Qxa8 Rxa8 24. Rf2 Rxf2 25. Kxf2 Nf4 26. Bxf4 exf4 27.
Re1 Bf8 28. Rd1 Kg8 29. a4 Kf7 30. a5 Ke6 31. Nb5 Kd7 32. Nc5+ Kc6 33. Ne6 d5
34. Nbd4+ Kb7 35. Rb1+ Ka6 36. Nc7+ 1-0

[Event "e2e4.org.uk Bedford U2000"]
[Site "Park Inn Hotel, Bedford, Engla"]
[Date "2013.09.20"]
[Round "1"]
[White "Smith, Peter K"]
[Black "Shah, Dipak K"]
[Result "0-1"]
[WhiteElo "1725"]
[BlackElo "1892"]
[PlyCount "136"]
[EventDate "2013.??.??"]

1. d4 d5 2. Bf4 Nf6 3. e3 a6 4. Nf3 e6 5. Bd3 Bd6 6. Bg3 Nbd7 7. Nbd2 Qe7 8.
Ne5 c5 9. c3 h5 10. h3 c4 11. Bc2 g5 12. Qe2 Ng8 13. O-O-O Nxe5 14. Bxe5 Bxe5
15. dxe5 Bd7 16. e4 Bc6 17. exd5 exd5 18. Nf3 Nh6 19. Nd4 O-O-O 20. Rhe1 h4 21.
Qf3 Kb8 22. Qe2 g4 23. Kb1 gxh3 24. gxh3 Rhg8 25. Qh5 Qg5 26. Qxg5 Rxg5 27. e6
Rg2 28. e7 Re8 29. Bf5 Kc7 30. Re2 Kd6 31. Rde1 Rg5 32. Re5 Rg2 33. R5e2 Rg5
34. Bc2 Bd7 35. Nf3 Rg7 36. Nxh4 Bxh3 37. f4 Rg4 38. Nf5+ Nxf5 39. Bxf5 Rg3 40.
Bxh3 Rxh3 41. Re5 Rf3 42. Rd1 Rxf4 43. Rdxd5+ Kc7 44. Kc2 Rf6 45. Rc5+ Rc6 46.
Rcd5 Re6 47. Rc5+ Rc6 48. Rcd5 b5 49. Rd4 Re6 50. Rc5+ Kb6 51. Rcd5 R8xe7 52.
Rd6+ Rxd6 53. Rxd6+ Kb7 54. Rf6 a5 55. Kd2 Kc8 56. a3 a4 57. Kd1 Kd8 58. Kd2
Ke8 59. Rb6 Re5 60. Rb8+ Ke7 61. Rb7+ Kf6 62. Rb6+ Kg5 63. Rb7 f5 64. Rg7+ Kf4
65. Rg1 Kf3 66. Rf1+ Kg2 67. Rf4 Kg3 68. Rf1 f4 0-1

[Event "e2e4.org.uk Bedford U2000"]
[Site "Park Inn Hotel, Bedford, Engla"]
[Date "2013.09.20"]
[Round "1"]
[White "McCabe, Shane"]
[Black "Sloan, Cecil"]
[Result "1-0"]
[WhiteElo "1890"]
[BlackElo "1690"]
[PlyCount "121"]
[EventDate "2013.??.??"]

1. d4 Nf6 2. Nf3 e6 3. Bg5 h6 4. Bh4 c5 5. e3 Be7 6. Bd3 cxd4 7. exd4 O-O 8.
Nbd2 d6 9. O-O Nbd7 10. c3 b6 11. Rc1 Bb7 12. h3 Nd5 13. Bg3 N7f6 14. Re1 Qd7
15. Qe2 Nh5 16. Qe4 Ndf6 17. Qe2 Nxg3 18. fxg3 Rfd8 19. Rcd1 Qc7 20. Ne4 Nxe4
21. Bxe4 Bxe4 22. Qxe4 d5 23. Qg4 Bd6 24. Ne5 Bxe5 25. Rxe5 Qe7 26. Rde1 Rd6
27. Qf3 Rad8 28. g4 Qf6 29. Rf1 Qxf3 30. gxf3 g6 31. f4 f6 32. Re3 Kf7 33. Kf2
Rh8 34. Rfe1 h5 35. g5 f5 36. h4 Rc8 37. Ke2 Ke7 38. Kd2 Kd7 39. b3 b5 40. Rc1
Rdc6 41. Rc2 b4 42. Rd3 a5 43. a3 bxc3+ 44. Rdxc3 Rxc3 45. Rxc3 Rxc3 46. Kxc3
Kc6 47. a4 Kb6 48. b4 Ka6 49. Kb3 Kb6 50. bxa5+ Kxa5 51. Ka3 Ka6 52. Kb4 Kb6
53. a5+ Ka6 54. Ka4 Ka7 55. Kb5 Kb7 56. Kc5 Ka6 57. Kd6 Kxa5 58. Kxe6 Kb4 59.
Kxd5 Kc3 60. Ke5 Kd3 61. d5 1-0

[Event "e2e4.org.uk Bedford U2000"]
[Site "Park Inn Hotel, Bedford, Engla"]
[Date "2013.09.20"]
[Round "1"]
[White "Torrance, John"]
[Black "Nettleton, Charlie B"]
[Result "1-0"]
[WhiteElo "1666"]
[BlackElo "1885"]
[PlyCount "75"]
[EventDate "2013.??.??"]

1. d4 Nf6 2. Nc3 d5 3. Bg5 Nbd7 4. Nf3 h6 5. Bf4 c5 6. dxc5 Qa5 7. Qd4 e6 8. b4
Qd8 9. Nb5 Ne4 10. Nc7+ Ke7 11. Nxa8 f6 12. Bd6+ Kf7 13. Bxf8 Rxf8 14. e3 Nb8
15. Bd3 e5 16. Qb2 Nc6 17. O-O Bg4 18. Bxe4 dxe4 19. Rad1 Qxa8 20. h3 Bxf3 21.
Qb3+ Kg6 22. gxf3 Qc8 23. Kh2 exf3 24. Qd3+ Kf7 25. Qd7+ Kg8 26. Qxc8 Rxc8 27.
a3 e4 28. Rd7 b6 29. Rfd1 bxc5 30. b5 Ne5 31. Rd8+ Rxd8 32. Rxd8+ Kf7 33. Ra8
Ke6 34. Rxa7 g6 35. a4 f5 36. a5 Kd6 37. a6 Nc4 38. Rb7 1-0

[Event "e2e4.org.uk Bedford U2000"]
[Site "Park Inn Hotel, Bedford, Engla"]
[Date "2013.09.20"]
[Round "1"]
[White "Matthews, Adrian M S"]
[Black "Ross, Stuart"]
[Result "1-0"]
[WhiteElo "1879"]
[BlackElo "1648"]
[PlyCount "47"]
[EventDate "2013.??.??"]

1. e4 c5 2. c3 Nf6 3. e5 Nd5 4. Bc4 e6 5. Nf3 Nc6 6. O-O d6 7. d4 cxd4 8. cxd4
Be7 9. exd6 Qxd6 10. Nc3 Nxc3 11. bxc3 O-O 12. a4 Re8 13. Qe2 Qd8 14. Re1 Bd7
15. Rb1 Na5 16. Bd3 Bxa4 17. Qe4 g6 18. Ne5 Nc6 19. Nxf7 Kxf7 20. Qxe6+ Kg7 21.
Bc4 Bd6 22. Qf7+ Kh8 23. Rxe8+ Qxe8 24. Qf6# 1-0

[Event "e2e4.org.uk Bedford U2000"]
[Site "Park Inn Hotel, Bedford, Engla"]
[Date "2013.09.20"]
[Round "1"]
[White "Lavelle, Terry"]
[Black "Jackson, Paul G"]
[Result "0-1"]
[WhiteElo "1583"]
[BlackElo "1877"]
[PlyCount "70"]
[EventDate "2013.??.??"]

1. e4 e6 2. Qe2 Be7 3. g3 d5 4. Bg2 Nf6 5. e5 Nfd7 6. Nf3 c5 7. O-O Nc6 8. Re1
Qc7 9. d3 b6 10. Bg5 Bxg5 11. Nxg5 Qxe5 12. Qd2 Qd6 13. Nc3 O-O 14. Nb5 Qb8 15.
Rxe6 fxe6 16. Nxe6 Nf6 17. Nec7 Bb7 18. Re1 a6 19. Nxa8 Bxa8 20. Nc3 Qd6 21.
Bh3 Nd4 22. Re3 h5 23. Nd1 Ng4 24. Bg2 Nxe3 25. Nxe3 Nf3+ 26. Bxf3 Rxf3 27. Qe2
Qf8 28. Nd1 d4 29. Qe6+ Kh8 30. Qxb6 Rf6 31. Qa5 Qd6 32. Qe1 Re6 33. Qf1 Qd5
34. f3 Qxf3 35. Nf2 Re1 0-1

[Event "e2e4.org.uk Bedford U2000"]
[Site "Park Inn Hotel, Bedford, Engla"]
[Date "2013.09.20"]
[Round "1"]
[White "Ball, Anthony J"]
[Black "Pal, Tapan"]
[Result "1-0"]
[WhiteElo "1872"]
[BlackElo "1576"]
[PlyCount "41"]
[EventDate "2013.??.??"]

1. d4 d5 2. c4 e6 3. Nc3 Nf6 4. Bg5 Be7 5. Nf3 Nbd7 6. e3 c6 7. Bd3 h6 8. Bh4
O-O 9. Rc1 g5 10. Bg3 c5 11. Ne5 cxd4 12. exd4 a6 13. c5 Nxe5 14. Bxe5 Nd7 15.
O-O Nxe5 16. dxe5 Bd7 17. b4 Bc6 18. Qh5 Kg7 19. f4 f5 20. exf6+ Bxf6 21. Qg6+
1-0

[Event "e2e4.org.uk Bedford U2000"]
[Site "Park Inn Hotel, Bedford, Engla"]
[Date "2013.09.21"]
[Round "2"]
[White "McCabe, Shane"]
[Black "Brocklehurst, Andrew"]
[Result "1/2-1/2"]
[WhiteElo "1890"]
[BlackElo "1960"]
[PlyCount "152"]
[EventDate "2013.??.??"]

1. d4 Nf6 2. Nf3 g6 3. Bf4 Bg7 4. e3 d6 5. h3 c5 6. c3 cxd4 7. exd4 O-O 8. Bc4
b5 9. Bd3 Bb7 10. O-O Qb6 11. Nbd2 Nc6 12. a3 Rad8 13. Qe2 e5 14. dxe5 Nxe5 15.
Be3 Bxf3 16. Nxf3 Nxf3+ 17. Qxf3 Qb8 18. Bg5 Qa8 19. Qxa8 Rxa8 20. Rab1 a6 21.
Rfe1 Rfe8 22. Kf1 h6 23. Bf4 Red8 24. Rbd1 Rab8 25. Be2 Bf8 26. Rd4 Ne8 27.
Red1 Rb6 28. Bf3 Nc7 29. Be3 Ne6 30. R4d2 Rbb8 31. Ba7 Rbc8 32. g3 Kg7 33. Be3
Rd7 34. Bg4 Kf6 35. Bd4+ Ke7 36. Re1 d5 37. Rde2 Rc6 38. b4 f5 39. Bf3 Kf7 40.
Be5 Bg7 41. Rc1 Bxe5 42. Rxe5 Rcd6 43. Rd1 d4 44. cxd4 Nxd4 45. Bg2 Nc2 46.
Rxd6 Rxd6 47. Ke2 Nxa3 48. Rc5 Ke6 49. Rc8 Nc4 50. Ra8 Ke5 51. Bb7 Rd2+ 52. Ke1
Rb2 53. Bxa6 Rxb4 54. Rb8 Nd6 55. Rb6 Rb1+ 56. Ke2 Ra1 57. Bxb5 Rb1 58. f4+ Kd4
59. Rxd6+ Kc5 60. Rxg6 Rxb5 61. Rxh6 Rb2+ 62. Ke1 Kd4 63. Re6 Rg2 64. h4 Rxg3
65. h5 Rg4 66. h6 Rxf4 67. h7 Rh4 68. Re7 Kd5 69. Kf2 Kd6 70. Ra7 f4 71. Kf3
Ke6 72. Rb7 Kf6 73. Rb6+ Kf5 74. Rb5+ Kg6 75. Rb7 Rxh7 76. Rxh7 Kxh7 1/2-1/2

[Event "e2e4.org.uk Bedford U2000"]
[Site "Park Inn Hotel, Bedford, Engla"]
[Date "2013.09.21"]
[Round "2"]
[White "Matthews, Adrian M S"]
[Black "Touchefeu, Aurelien"]
[Result "0-1"]
[WhiteElo "1879"]
[BlackElo "1940"]
[PlyCount "72"]
[EventDate "2013.??.??"]

1. e4 e6 2. d4 d5 3. e5 c5 4. c3 Nc6 5. Nf3 f6 6. Bd3 Qc7 7. exf6 Nxf6 8. O-O
Bd6 9. dxc5 Bxc5 10. b4 Bd6 11. Na3 a6 12. b5 Ne5 13. Nxe5 Bxe5 14. bxa6 bxa6
15. Bd2 Bxh2+ 16. Kh1 Bd6 17. Qa4+ Bd7 18. Nb5 Qc6 19. Nxd6+ Qxd6 20. Qh4 e5
21. Rfe1 O-O 22. Rab1 e4 23. Bf4 Qa3 24. Be2 Qxc3 25. Rec1 Qa3 26. Rb6 Qxa2 27.
Bd1 Qa5 28. Rb7 Rac8 29. Rcb1 Rf7 30. Bb3 Bc6 31. Rxf7 Kxf7 32. Qh3 Re8 33. Be3
Qd8 34. Bd4 Qc8 35. Qg3 Qg4 36. Qe3 Qh5+ 0-1

[Event "e2e4.org.uk Bedford U2000"]
[Site "Park Inn Hotel, Bedford, Engla"]
[Date "2013.09.21"]
[Round "2"]
[White "Jackson, Paul G"]
[Black "Lawson, Maurice E"]
[Result "1/2-1/2"]
[WhiteElo "1877"]
[BlackElo "1922"]
[PlyCount "129"]
[EventDate "2013.??.??"]

1. d4 d5 2. c4 e6 3. Nc3 f5 4. Bf4 c6 5. e3 Bd6 6. Nf3 Bxf4 7. exf4 Nf6 8. Ne5
Nbd7 9. cxd5 exd5 10. Qc2 O-O 11. Bd3 Qb6 12. Ne2 Qb4+ 13. Qc3 Qxc3+ 14. Nxc3
Ne4 15. f3 Nxe5 16. fxe5 Nxc3 17. bxc3 f4 18. a4 Bf5 19. Kd2 Bxd3 20. Kxd3 b6
21. Rhc1 c5 22. Rcb1 Rab8 23. Rb2 Rfc8 24. Rab1 cxd4 25. cxd4 Kf7 26. a5 Rc6
27. axb6 axb6 28. Rb5 Ke6 29. g3 g5 30. gxf4 gxf4 31. h4 Rb7 32. h5 Rb8 33.
R1b2 Rb7 34. h6 Rb8 35. Rc2 Rbc8 36. Rxc6+ Rxc6 37. Kd2 Kf5 38. Rxd5 Rxh6 39.
Rb5 Rh3 40. Rxb6 Rxf3 41. e6 Re3 42. d5 Ke5 43. Rb5 Kd6 44. Rb4 Kxd5 45. Rxf4
Rxe6 46. Rf7 h6 47. Rf5+ Ke4 48. Rf1 Kd5 49. Rf5+ Kd6 50. Rf3 h5 51. Re3 Rf6
52. Ke2 h4 53. Rf3 Rg6 54. Rh3 Rg4 55. Kf3 Rd4 56. Kg2 Ke5 57. Rf3 Ke4 58. Rf8
Rd3 59. Re8+ Kf4 60. Rf8+ Kg5 61. Rg8+ Kf6 62. Rh8 Rg3+ 63. Kh2 Kg5 64. Rg8+
Kf4 65. Rf8+ 1/2-1/2

[Event "e2e4.org.uk Bedford U2000"]
[Site "Park Inn Hotel, Bedford, Engla"]
[Date "2013.09.21"]
[Round "2"]
[White "Openshaw, David K"]
[Black "Ball, Anthony J"]
[Result "1-0"]
[WhiteElo "1918"]
[BlackElo "1872"]
[PlyCount "87"]
[EventDate "2013.??.??"]

1. e4 g6 2. d4 Bg7 3. Nc3 c5 4. Nf3 Qa5 5. Be2 Nc6 6. Be3 d6 7. h3 Nf6 8. O-O
O-O 9. d5 Ne5 10. Qd2 Qb4 11. a3 Nxe4 12. axb4 Nxf3+ 13. Bxf3 Nxd2 14. Bxd2
cxb4 15. Nb5 Bd7 16. Nxa7 Bxb2 17. Ra2 Bd4 18. Be3 Bc3 19. Be2 b5 20. Ra6 Kg7
21. Rd1 Rfb8 22. Rb6 Rxb6 23. Bxb6 Rb8 24. Bd4+ f6 25. Bxc3 bxc3 26. Nc6 Rb6
27. Rb1 Bxc6 28. dxc6 Rxc6 29. Rxb5 e6 30. f4 d5 31. Kf2 Rd6 32. Ke3 e5 33. Bf3
d4+ 34. Kd3 Re6 35. fxe5 fxe5 36. Rb7+ Kf6 37. Rxh7 Kg5 38. g3 Rf6 39. Be4 Rf2
40. Rg7 Rd2+ 41. Kc4 Re2 42. Rxg6+ Kh5 43. Bf3+ Kxg6 44. Bxe2 1-0

[Event "e2e4.org.uk Bedford U2000"]
[Site "Park Inn Hotel, Bedford, Engla"]
[Date "2013.09.21"]
[Round "2"]
[White "Botteley, Michael T"]
[Black "Smith, Richard W"]
[Result "1/2-1/2"]
[WhiteElo "1867"]
[BlackElo "1912"]
[PlyCount "116"]
[EventDate "2013.??.??"]

1. e4 e5 2. Nf3 Nc6 3. Bc4 Nf6 4. d3 Be7 5. c3 O-O 6. Nbd2 d6 7. O-O Na5 8. Bb5
c5 9. d4 Qc7 10. d5 a6 11. Be2 b5 12. b4 Nb7 13. a4 Bd7 14. axb5 Bxb5 15. Bb2
Rfc8 16. c4 Bd7 17. b5 Qb6 18. bxa6 Rxa6 19. Rxa6 Qxa6 20. Qb3 Bd8 21. Bc3 Qb6
22. Qxb6 Bxb6 23. Ra1 Rb8 24. Nxe5 dxe5 25. Bxe5 Re8 26. Bxf6 gxf6 27. Rb1 Ba5
28. Rxb7 Bxd2 29. Rxd7 Rxe4 30. Kf1 Kf8 31. Rc7 Bb4 32. g3 f5 33. Bh5 Rxc4 34.
d6 Rd4 35. Rxf7+ Kg8 36. d7 c4 37. Rxf5 Rxd7 38. Rb5 c3 39. Rxb4 c2 40. Rc4
Rd1+ 41. Kg2 c1=Q 42. Rxc1 Rxc1 43. f4 Kg7 44. Bf3 Rc2+ 45. Kh3 Kf6 46. g4 h6
47. Kg3 Rc1 48. h4 Rg1+ 49. Kf2 Ra1 50. g5+ hxg5 51. fxg5+ Kg6 52. Kg3 Ra5 53.
Kf4 Ra4+ 54. Kg3 Ra5 55. Be4+ Kh5 56. g6 Ra3+ 57. Kf4 Kxh4 58. g7 Rg3 1/2-1/2